000 00516nam a22001817a 4500
005 20251108164328.0
008 250721s1973 xx 000 0 ara d
082 1 4 _a491.5507/محم
100 1 _aالزهتابي، محمد تقي
245 1 0 _aقواعد الفارسية /
264 1 _aالنجف :
_bمطبعة الآداب،
_c1973.
300 _a455ص
650 1 7 _aاللغة الفارسية
650 1 7 _aالتدريس
700 1 _aمحفوظ، حسين علي
942 _2ddc
_cBK
999 _c9476
_d9476